MDQL
is popping MORE tags! Check the
thread
!
Quizzes
Events
Quiz Creation
Community
Videos
Private Events
Remove Ads
Sign In
Join for FREE
Feedback
Dark Mode
Quiz Categories
Sports
Geography
Music
Movies
Television
Just For Fun
Miscellaneous
History
Literature
Language
Science
Gaming
Entertainment
Religion
Holiday
For Kids
Quiz Lab
Recent
Popular Today
Quiz Kudos Today
Editor Picks
Curator Picks
Quizzes by...
Day
Popularity
Type
Ratings
Length
Year
Community
Subscriptions
Recent Discussions
Orange Saloon
Badges
Playlists
Quests
Create
Leaderboards
Showdown
Live 5
Trivia Bingo
Activity
Puzzle Library
Sporcle Events
Private Events
Virtual Trivia
Globe League
Become a Host
Pub Owners
SporcleCon
Opinionation
Our Games
Videos
Blog
Mobile Apps
Partnerships
Remove Ads and Go Orange
Feedback
Sports
Athletes
MLB
NBA
NHL
NFL
Soccer
Sports Teams
WWE
NCAA
Football
Premier League
Basketball
Baseball
Hockey
Golf
Tennis
Cricket
Rugby
Auto Racing
Olympics
World Cup
Sports
Athletes
MLB
NBA
NHL
NFL
Soccer
Sports Teams
WWE
NCAA
Football
Premier League
Basketball
Baseball
Hockey
Golf
Tennis
Cricket
Rugby
Auto Racing
Olympics
World Cup
Random Quiz
Search Sporcle
×
Quiz Lab
Quiz Lab
Sports
City
Type in answers that appear in a list
Type in answers that appear in a list
Classic
Best Score? Go Orange.
Ohio High School Team Mascots (H-P) Stats
Can you name the mascots for every high school (H-P) that is a member of the Ohio High School Athletic Association?
By
bigmansteveg85
20m
296 Questions
194 Plays
194 Plays
194 Plays
Comments
Comments
Give Quiz Kudos
Give Quiz Kudos
-
- Ratings
hide this ad
Replay
Link that replays current quiz
Next Quiz
Link to next quiz in quiz playlist
You Got
0%
They Got
Avg Score
66%
Avg Friend Score
Upgrade to see
Score Distribution
Jump to the score distribution portion of the page
Score
0/296
Timer
20:00
0
Plays Today
High School
Mascot
% Correct
Holgate
Tigers
94.8%
Howland
Tigers
94.8%
Huron
Tigers
94.8%
Jackson Center
Tigers
94.8%
Lake Center Christian School
Tigers
94.8%
Liberty Center
Tigers
94.8%
Loveland
Tigers
94.8%
Marietta
Tigers
94.8%
McClain
Tigers
94.8%
Newton Falls
Tigers
94.8%
North Baltimore
Tigers
94.8%
Pickerington Central
Tigers
94.8%
Hilliard Darby
Panthers
91.8%
Licking Valley
Panthers
91.8%
Linden McKinley
Panthers
91.8%
Little Miami
Panthers
91.8%
Lockland
Panthers
91.8%
Manchester
Panthers
91.8%
Maumee
Panthers
91.8%
Mayfield
Panthers
91.8%
Maysville
Panthers
91.8%
McComb
Panthers
91.8%
Miami Trace
Panthers
91.8%
New Lexington
Panthers
91.8%
Norton
Panthers
91.8%
Our Lady of the Elms
Panthers
91.8%
Parkway
Panthers
91.8%
Paulding
Panthers
91.8%
Perry
Panthers
91.8%
Pickerington North
Panthers
91.8%
Put-
in-
Bay
Panthers
91.8%
Hubbard
Eagles
89.7%
John F. Kennedy
Eagles
89.7%
Liberty-
Benton
Eagles
89.7%
Madison Christian
Eagles
89.7%
Middletown Christian
Eagles
89.7%
Milford
Eagles
89.7%
Monroeville
Eagles
89.7%
New Albany
Eagles
89.7%
North Central
Eagles
89.7%
North Olmsted
Eagles
89.7%
Notre Dame Academy
Eagles
89.7%
Patriot Prepatory Academy
Eagles
89.7%
Harrison
Wildcats
89.2%
Hilliard Davidson
Wildcats
89.2%
Houston
Wildcats
89.2%
Jefferson
Wildcats
89.2%
Kalida
Wildcats
89.2%
Kenton
Wildcats
89.2%
Keystone
Wildcats
89.2%
Miller City
Wildcats
89.2%
Minster
Wildcats
89.2%
Mogadore
Wildcats
89.2%
Napoleon
Wildcats
89.2%
New London
Wildcats
89.2%
Newark
Wildcats
89.2%
North Union
Wildcats
89.2%
Leetonia
Bears
88.1%
North Royalton
Bears
88.1%
Hillsboro
Indians
87.6%
Mechanicsburg
Indians
87.6%
Mount Gilead
Indians
87.6%
Newton Local
Indians
87.6%
Northwest
Indians
87.6%
Norwood
Indians
87.6%
Peebles
Indians
87.6%
Piqua
Indians
87.6%
Heartland Christian School
Lions
87.1%
Liberty Union
Lions
87.1%
Meadowdale
Lions
87.1%
Miami Valley Christian Academy
Lions
87.1%
Minerva
Lions
87.1%
New Richmond
Lions
87.1%
Northside Christian
Lions
87.1%
Notre Dame-
Cathedral Latin
Lions
87.1%
Orange
Lions
87.1%
Hawken
Hawks
85.6%
Hiland
Hawks
85.6%
Horizon Science Academy
Hawks
85.6%
Maumee Valley Country Day
Hawks
85.6%
Kenmore
Cardinals
85.1%
Mentor
Cardinals
85.1%
New Bremen
Cardinals
85.1%
Heath
Bulldogs
83%
Lakeview
Bulldogs
83%
Milton-
Union
Bulldogs
83%
Olmsted Falls
Bulldogs
83%
Poland Seminary
Bulldogs
83%
Hoover
Vikings
82%
LaBrae
Vikings
82%
Leipsic
Vikings
82%
Miami East
Vikings
82%
Miamisburg
Vikings
82%
New Miami
Vikings
82%
North
Vikings
82%
Northland
Vikings
82%
Northridge
Vikings
82%
Princeton
Vikings
82%
Hillsdale
Falcons
81.4%
High School
Mascot
% Correct
Jefferson Area
Falcons
81.4%
Lutheran East
Falcons
81.4%
Miller
Falcons
81.4%
Minford
Falcons
81.4%
Olentangy Liberty
Patriots
80.9%
Open Door Christian
Patriots
80.9%
Patrick Henry
Patriots
80.9%
Kings
Knights
77.3%
Nordonia
Knights
77.3%
Northeast Ohio College Prepatory
Knights
77.3%
Northwest
Knights
77.3%
Otsego
Knights
77.3%
Harvest Prepatory
Warriors
75.8%
Lebanon
Warriors
75.8%
Mariemont
Warriors
75.8%
Mohawk
Warriors
75.8%
Northwestern
Warriors
75.8%
Ontario
Warriors
75.8%
Highland
Hornets
75.3%
John Hay Campus
Hornets
75.3%
Kirtland
Hornets
75.3%
Licking Heights
Hornets
75.3%
Lima Senior
Spartans
75.3%
Malvern
Hornets
75.3%
Perkins
Pirates
75.3%
Perry
Pirates
75.3%
Pleasant
Spartans
75.3%
Lynchburg-
Clay
Mustangs
74.2%
Madeira
Mustangs
74.2%
Maple Heights
Mustangs
74.2%
Mathews Jr./
Sr.
Mustangs
74.2%
Kenton Ridge
Cougars
73.2%
Lake Catholic
Cougars
73.2%
Mount Notre Dame
Cougars
73.2%
Independence
Blue Devils
72.7%
McDonald
Blue Devils
72.7%
McKinley
Trojans
72.2%
Newcomerstown
Trojans
72.2%
North College Hill
Trojans
72.2%
Portsmouth
Trojans
72.2%
Hardin Northern
Polar Bears
71.6%
Jackson
Polar Bears
71.6%
Margaretta
Polar Bears
71.6%
Northridge
Polar Bears
71.6%
Indian Creek
Redskins
71.1%
Lakota
Raiders
71.1%
Morgan
Raiders
71.1%
Port Clinton
Redskins
71.1%
Hilliard Bradley
Jaguars
70.6%
Hillcrest Academy
Rams
70.1%
Indian Hill
Braves
70.1%
Indian Valley
Braves
70.1%
Logan Elm
Braves
70.1%
Lorain
Titans
70.1%
Madison Comprehensive
Rams
70.1%
Miami Valley School
Rams
70.1%
Mineral Ridge
Rams
70.1%
Notre Dame
Titans
70.1%
Olentangy
Braves
70.1%
Ottawa-
Glandorf
Titans
70.1%
Lowellville
Rockets
69.6%
Maplewood
Rockets
69.6%
Oak Harbor
Rockets
69.6%
Pandora-
Gilboa
Rockets
69.6%
Jonathan Alder
Pioneers
67%
Liberty
Leopards
67%
Louisville
Leopards
67%
Olentangy Orange
Pioneers
67%
Lordstown
Red Devils
66.5%
Marion-
Franklin
Red Devils
66.5%
Memorial
Red Devils
66.5%
Mason
Comets
64.9%
Mother of Mercy
Bobcats
64.9%
Norwayne
Bobcats
64.9%
Hamilton Township
Rangers
64.4%
Lakewood
Rangers
64.4%
Mount Vernon
Yellow Jackets
64.4%
New Knoxville
Rangers
64.4%
North
Rangers
64.4%
North Ridgeville
Rangers
64.4%
Northwood
Rangers
64.4%
Perrysburg
Yellow Jackets
64.4%
Indian Lake
Lakers
63.4%
Max S. Hayes Vocational School
Lakers
63.4%
Millersport
Lakers
63.4%
Pymatuning Valley
Lakers
63.4%
Lake
Blue Streaks
62.9%
Madison
Blue Streaks
62.9%
Magnificat
Blue Streaks
62.9%
Hudson
Explorers
62.4%
La Salle
Lancers
60.3%
Lakewood
Lancers
60.3%
Lincolnview
Lancers
60.3%
Middletown
Middies
60.3%
Midview
Middies
60.3%
New Philadelphia
Quakers
60.3%
Lexington
Minutemen
59.8%
Lehman Catholic
Cavaliers
59.3%
Purcell Marian
Cavaliers
59.3%
High School
Mascot
% Correct
Harrison Central
Huskies
58.2%
Jackson-
Milton
Blue Jays
58.2%
Northwestern
Huskies
58.2%
Kenston
Bombers
57.7%
Lake
Flyers
57.2%
Marion Harding
Presidents
57.2%
Marion Local
Flyers
57.2%
Holy Name
Green Wave
56.2%
Newark Catholic
Green Wave
56.2%
Padua Franciscan
Bruins
55.7%
Meadowbrook
Colts
55.2%
Parma
Redmen
54.6%
Horizon Science Academy
Dragons
54.1%
Lakeside
Dragons
54.1%
Madison Plains
Golden Eagles
54.1%
Mansfield Senior
Tygers
53.6%
Nelsonville-
York
Buckeyes
53.6%
Harvey
Red Raiders
53.1%
London
Red Raiders
53.1%
Huntington
Ironmen
52.1%
Jackson
Ironmen
52.1%
Kettering Fairmont
Firebirds
51.5%
Lakota West
Firebirds
51.5%
Marlington
Dukes
51.5%
Lincoln West
Wolverines
50%
Lucas
Cubs
49.5%
Norwalk
Truckers
49.5%
Lima Central Catholic
Thunderbirds
49%
Newbury
Black Knights
47.9%
Normandy
Invaders
47.9%
Northeastern
Jets
47.9%
Orrville
Red Riders
47.9%
Loudonville
Redbirds
47.4%
Martin Luther King Jr.
Crusaders
47.4%
Hicksville
Aces
46.9%
Medina
Battling Bees
45.9%
Lutheran West
Longhorns
45.4%
James N. Gamble Montessori
Gators
44.8%
Johnstown-
Monroe
Johnnies
44.8%
Laurel
Gators
44.8%
Hamilton
Big Blue
44.3%
Hopewell-
Loudon
Chieftains
43.8%
John Marshall
Lawyers
43.8%
Logan
Chieftains
43.8%
Northmont
Thunderbolts
43.8%
Oberlin
Phoenix
43.8%
Preble Shawnee
Arrows
43.8%
Hathaway Brown School
Blazers
43.3%
National Trail
Blazers
43.3%
Jefferson Township
Broncos
42.8%
Hughes
Big Red
41.8%
Lancaster
Golden Gales
41.8%
Philo
Electrics
41.8%
Plymouth
Big Red
41.8%
Mapleton
Mounties
40.7%
Oak Hill
Oaks
40.7%
Lake Ridge Academy
Royals
38.7%
Paint Valley
Bearcats
38.7%
Portsmouth West
Senators
38.7%
Lakota East
Thunderhawks
37.6%
Ironton
Fighting Tigers
37.1%
Mansfield Christian
Flames
37.1%
Marysville
Monarchs
36.6%
John Adams
Rebels
36.1%
Niles McKinley
Red Dragons
36.1%
Independence
76ers
34.5%
John Glenn
Little Muskies
34%
Northmor
Golden Knights
34%
Martins Ferry
Purple Riders
33.5%
Oak Hills
Highlanders
33.5%
Madison Senior
Mohawks
32%
McAuley
Mohawks
32%
Northwest
Mohawks
32%
Piketon
Redstreaks
31.4%
Jane Addams
Executives
30.9%
Mount Healthy
Fighting Owls
30.9%
Manchester
Greyhounds
29.9%
John F. Kennedy
Fighting Eagles
29.4%
Montpelier
Locomotives
29.4%
Kelleys Island
Green Devils
28.9%
North Adams
Green Devils
28.9%
Hilltop
Cadets
28.4%
Mifflin
Punchers
28.4%
Oakwood
Lumberjacks
28.4%
Highland
Fighting Scots
26.8%
Meigs
Marauders
26.8%
New Riegel
Blue Jackets
26.8%
Perry
Commodores
26.8%
Mississinawa Valley
Blackhawks
25.8%
Monroe Central
Seminoles
24.7%
Old Fort
Stockaders
24.7%
Ottawa Hills
Green Bears
24.7%
Pettisville
Blackbirds
22.7%
Monroe
Fighting Hornets
21.1%
Ottoville
Big Green
21.1%
Oyler
Madhatters
21.1%
Heritage Christian School
Conquerors
20.6%
Ponitz Career Technology Center
Golden Panthers
19.6%
Quiz Playlist
Details
Report
Send in Message
Add To Playlist
Classic:
Type in answers that appear in a list
Last Updated: Mar 19, 2017
Quiz Scoreboard
CHALLENGE
Sign Up to Join the Scoreboard
Show All
Scores
Hide
Comments
May contain spoilers
Recently Published
Holiday 10x10 Sorting Gallery
by lukepisani3
Holiday
15m
Two Season TV Shows II
by 123Four
Television
10m
Image Sorting: Flags VI
by Barbecue
Geography
2m
More to Explore
Quiz From the Vault
Featured Blog Post
14 Easter Pick-up Lines to Find Eggs With
hide this ad
You Might Also Like...
Tags
City Quiz
mascot
ohio
school
team
Today's Top Quizzes in Sports
Browse Sports
hide this ad
Today's Top Quizzes in City
Browse City
Top Contributed Quizzes in Sports
1
Les meilleurs buteurs des matchs entre le PSG et l’OM
2
Les entraîneurs de l'OM et du PSG au 21e siècle
3
2022 World Cup Stars
4
Les joueurs passés par le PSG et l'OM
5
Players with Multiple 50 Home Run Seasons
6
FIFA Club World Cup Champions
7
Criteria MLB: Left Handed Sluggers
8
Les joueurs passés par le LOSC et le RC Lens
9
Top 10 NHL Goal Scorers of All Time
10
NBA Logic Puzzle 2.0
Explore More
Trending Topics
Harry Potter
Marvel
NBA
Anime
Disney
Crossword
Kpop
WWE
The Office
NFL
Country
Song
Soccer
Puzzle
Pokémon
hide this ad
More By:
bigmansteveg85
Quiz
Plays
Rating
Category
Featured
Created
NCAA Colleges and Universities in California
678
4.00
Sports
Mar 7, 2018
Ohio High School (OHSAA) Football Champions
631
4.50
Sports
Jan 5, 2018
NCAA Colleges and Universities in North Carolina
617
5.00
Sports
Mar 19, 2018
All USA Professional Sports Teams by State/Province
524
4.67
Sports
Dec 20, 2017
NCAA Colleges and Universities in New York
498
5.00
Sports
Mar 19, 2018
Go to Creator's Profile
Score Distribution
Quiz Creator Spotlight
bigmansteveg85
Follow
Send a Message
Quizzes Created
-
Created Quiz Play Count
-
More By This Creator
Popular Quizzes Today
1
Find the US States - No Outlines Minefield
2
Colored Red Africa Blitz
3
Find the 'City' Movie
4
The Countries of the World
5
5x2 Blitz: Bands
6
Find the Countries of Europe - No Outlines Minefield
7
Find the US States
8
US States
More Sports Quizzes
International Footballers: Gather the Greeks
Quiz Lab
Trending Quizzes
Colored Red Europe Blitz I
Colored Red Africa Blitz II
Colored Red Europe Blitz II
Even More Two Season TV Shows
Colored Red Africa Blitz III
Recently Updated
Odd Team Out - Big 4 Players
pecheneg
Quick Pick: 20 Twenties
pecheneg
March Madness Men's Triple Doubles
pecheneg
How Do You Spell That?
pecheneg
Godzilla Movies
pecheneg
Grab Bag: 4-10 Letters
pecheneg
2024 March Madness Bracket
pecheneg
Famous TV Couples
Peacemaker
Champions League XIs: Real Madrid
pecheneg
Largest US Cities 1790-2010
pecheneg
Trending Topics
Harry Potter
Anime
Kpop
Crossword
Marvel
NBA
Disney
Country
WWE
Puzzle
Song
NFL
The Office
Pokémon
Soccer
Your Account Isn't Verified!
In order to create a playlist on Sporcle, you need to verify the email address you used during registration. Go to your
Sporcle Settings
to finish the process.
Report this User
Report this user for behavior that violates our
Community Guidelines
.
Details:
Send Report
Go to the Sporcle.com Mobile Site →
Comments